| 000 | 00883cam a2200241 a 4500 | ||
|---|---|---|---|
| 001 | 553 | ||
| 003 | BR-CuiBMT | ||
| 005 | 20231114174821.0 | ||
| 008 | 231109s2011 mgb 001 0 por d | ||
| 020 | _a9788577004515 | ||
| 040 |
_aBR-CuiBMT _cBR-CuiBMT |
||
| 080 |
_22007 _a35.078.6 |
||
| 090 |
_a35.078.6 _bC145p |
||
| 100 | 1 | 0 | _aCaldas, Roberto |
| 245 | 1 | 0 |
_aParcerias público-privadas : _be suas garantias inovadoras nos contratos administrativos e concessões de serviços públicos / _cAndré Luiz Freire ; prefácio Juarez Freitas |
| 260 |
_aBelo Horizonte : _bFórum, _c2011. |
||
| 300 |
_a312 p. ; _c22 cm |
||
| 504 | _aInclui bibliografia e índice. | ||
| 650 |
_aParceria público-privada (PPP) _vLegislação _zBrasil |
||
| 650 |
_aContrato de concessão _xFiscalização _zBrasil |
||
| 650 |
_aParceria público-privada (PPP) _xRegulação _zBrasil |
||
| 942 |
_2udc _cLV |
||
| 999 |
_c553 _d553 |
||